LEADER 01230nam a2200301 u 4500 001 000000010764 003 CaOOAMICUS 005 20070226105343.0 008 940711s1959 it u000 u ita u 035 $a10267190 040 $aPUL(R)$bita 100 1 $aCiprotti, Pio,$d1914-1993.$0(OLS)http://pul/name/1280 245 10$aDiritto ecclesiastico /$cPio Ciprotti. 260 $aPadova :$bCEDAM,$c1959. 300 $axvi, 345 p. ;$c23 cm 490 1 $aManuali di scienze giuridiche 500 $aContiene indici. 504 $aBibliografia in nota. 650 4$aDiritto ecclesiastico$zItalia.$0(OLS)http://pul/subject/2957 830 0$aManuali di scienze giuridiche.$0(OLS)http://pul/title/15690 850 $aPUL 852 $aPUL$W1$xDP1 Fondo Ciprotti$y59$m1544 A 51$j15268$nBK-PRI$b $qFondi$B15268$CPULBib$Z2$F15268 $H $81 852 $aPUL$W1$xDP1 Fondo Ciprotti$y59$m1544 A 56$j13928$nBK-PRI$b $qFondi$B15269$CPULBib$Z2$F15269 $H $81 941 1 $a1 961 $aINV: F. Ciprotti 961 $aINV: F. Ciprotti 996 $6245$aDiritto ecclesiastico$9(OLS)http://pul/title/5089 996 $6260$aPadova :$bCEDAM$9(OLS)http://pul/publisher/48126 LEADER 01364nam a2200301 u 4500 001 000000046065 003 CaOOAMICUS 005 20070226114731.0 008 990623s1990 it d u000 u ita u 020 $a8878600350 035 $a10827709 040 $aPUL(R)$bita$dPUL(R) 245 04$aGli italoamericani negli anni ottanta :$bun profilo sociodemografico /$ca cura di Graziano Battistella ; scritti di Graziano Battistella ... [et al.]. 260 $aTorino :$bEdizioni della Fondazione Giovanni Agnelli,$cc1990. 300 $axii, 337 p. :$bdiagr. ;$c21 cm 500 $aContiene indice. 504 $aBibliografia in nota. 650 4$aSociologia$xStudi.$0(OLS)http://pul/subject/6921 650 4$aDemografia.$0(OLS)http://pul/subject/2736 700 1 $aBattistella, Graziano,$cC.S.$0(OLS)http://pul/name/33543 850 $aPUL 852 $aPUL$W1$xDP1 Cons. Gen., Altre Classi 1$y22$m45 P 3$j61813$nBK-PRI$b $qStampati$B61813$CPULBib$Z2$F61813 $H $81 941 1 $a8 960 $aControllo demografico$92736 961 $aINV: 69285 996 $6020$a8878600350$9(OLS)http://pul/number/57464 996 $6245$aGli italoamericani negli anni ottanta :$bun profilo sociodemografico$9(OLS)http://pul/title/62097 996 $6260$aTorino :$bEdizioni della Fondazione Giovanni Agnelli$9(OLS)http://pul/publisher/51379